|
|
|
|
| LEADER |
00000nab a2200000 a 4500 |
| 001 |
vtls000814024 |
| 003 |
SK-MaSNL |
| 005 |
20260302150952.0 |
| 008 |
180207c2002 xo 0 slo |
| 015 |
|
|
|a SNBRB2002/11-36896
|
| 035 |
|
|
|a CLN000165679
|
| 040 |
|
|
|a SNKBUCL
|b slo
|c SNKBUCL
|e AACR2
|
| 041 |
0 |
|
|a slo
|
| 044 |
|
|
|a xo
|c SK
|
| 080 |
|
|
|a 339.72.053.1(470:437.6)
|2 UDC-MRF-SK2
|
| 080 |
|
|
|a 339.56(437.6:470)
|2 UDC-MRF-SK2
|
| 100 |
1 |
|
|a Kopcsay, Márius,
|d 1968-
|4 aut
|9 17401
|
| 245 |
1 |
0 |
|a Ruský mýtus
|b (fakty a ilúzie o vzťahoch s Ruskom)
|c Márius Kopcsay
|
| 650 |
0 |
7 |
|a zahraničné dlhy
|z Ruská federácia
|x Slovensko
|x deblokácia
|2 snkbucl
|9 15889
|
| 650 |
0 |
7 |
|a obchod zahraničný
|z Slovensko
|z Ruská federácia
|2 snkbucl
|9 841649
|
| 655 |
|
7 |
|a články z novín a časopisov
|2 snkbucl
|9 267496
|
| 773 |
0 |
|
|t Mosty
|g Roč. 11, č. 41 (2002), s. 8
|
| 850 |
|
|
|a Slovenská národná knižnica v Martine
|
| 852 |
|
|
|a SNK
|b KIS3GCP
|
| 958 |
|
|
|a RBX
|
| 999 |
|
|
|c 1358677
|d 1360607
|